24 ORE DI LE MANS (LE) (Record n. 105861)

Dettagli MARC
000 -LEADER
fixed length control field 01458agaaa2200337 4500
001 - CONTROL NUMBER
control field 5298
003 - CONTROL NUMBER IDENTIFIER
control field IT-RoPAU
005 - DATE AND TIME OF LATEST TRANSACTION
control field 20220918181237.0
007 - PHYSICAL DESCRIPTION FIXED FIELD--GENERAL INFORMATION
fixed length control field d cvaizq
008 - FIXED-LENGTH DATA ELEMENTS--GENERAL INFORMATION
fixed length control field 50131s9999||||xx ||| | || ||und||
040 ## - CATALOGING SOURCE
Original cataloging agency IT-RoPAU
Transcribing agency IT-RoPAU
041 ## - LANGUAGE CODE
Language code of text/sound track or separate title ITALIANO
100 ## - MAIN ENTRY--PERSONAL NAME
Personal name Katzin Lee H.
Miscellaneous information Codice regista SPICS: 35485
9 (RLIN) 43764
130 ## - MAIN ENTRY--UNIFORM TITLE
Uniform title 24 ORE DI LE MANS (LE)
9 (RLIN) 43765
240 ## - UNIFORM TITLE
Uniform title LE MANS
Miscellaneous information T2380
245 ## - TITLE STATEMENT
Title 24 ORE DI LE MANS (LE)
Statement of responsibility, etc. Sceneggiatura: Kleiner Harry -- Diretto da: Katzin Lee H.
Name of part/section of a work 24 ORE DI LE MANS (LE) (Rif. Codice opera principale : A5298)
246 ## - VARYING FORM OF TITLE
Title proper/short title LE MANS
250 ## - EDITION STATEMENT
Edition statement Edizione Standard
260 ## - PUBLICATION, DISTRIBUTION, ETC. (IMPRINT)
Place of publication, distribution, etc. PARIS (STATI UNITI)
Name of publisher, distributor, etc. SOLAR /
Date of manufacture "1971 (1° ed.: 1992 ; Ed. Lingua Orig.: 1971)"
300 ## - PHYSICAL DESCRIPTION
Extent VHS
Other physical details sonoro, col.
Dimensions 108 minuti
508 ## - CREATION/PRODUCTION CREDITS NOTE
Creation/production credits note "Fotografia: Hauser Robert; Montaggio: Wodcock John M.; Musica: Legrand Michel; Sceneggiatura: Kleiner Harry; "
511 ## - PARTICIPANT OR PERFORMER NOTE
Participant or performer note "Mcqueen Steve; Andersen Elga; Rauch Siegfried; Haltiner Fred; Merenda Luc; Infanti A."
520 ## - SUMMARY, ETC.
Summary, etc. DOCUMENTARIO. CORSA AUTOMOBILISTICA. PUBBLICO. FILM A COLORI.
538 ## - SYSTEM DETAILS NOTE
System details note PAL, STEREO
546 ## - LANGUAGE NOTE
Language note ITALIANO
650 ## - SUBJECT ADDED ENTRY--TOPICAL TERM
Topical term or geographic name as entry element DOCUMENTARIO
Relator term FILMS [VHS]
General subdivision Codice MATERIA SPICS: 9960
9 (RLIN) 34095
700 ## - ADDED ENTRY--PERSONAL NAME
Personal name Katzin Lee H.
Relator term (regista)
Miscellaneous information Codice regista SPICS: 35485
9 (RLIN) 43766
700 ## - ADDED ENTRY--PERSONAL NAME
Personal name Kleiner Harry
Relator term (soggetto)
Miscellaneous information Codice Soggetto SPICS: 35486
9 (RLIN) 43767
700 ## - ADDED ENTRY--PERSONAL NAME
Personal name Legrand Michel
Relator term (musica)
Miscellaneous information Codice Musica SPICS: 10930
9 (RLIN) 43768
942 ## - ADDED ENTRY ELEMENTS (KOHA)
Koha item type VHS - VIDEO
Source of classification or shelving scheme Dewey Decimal Classification
Dati di copia
Withdrawn status Lost status Damaged status Not for loan Home library Current library Date acquired Total Checkouts Full call number Date last seen Price effective from Koha item type Public note
    Buone Condizioni Not For Loan SPICS-MEDIATECA SPICS-MEDIATECA 31/01/2015   A5298 31/01/2015 31/01/2015 VHS - VIDEO Progr. Ins.: 56 / N.Vol.:1 / Copie: 1 / Pag.:0 / Copia rara: n.d. / date import: 1.2.2015 / By Epidotti, Trombetti, Vaglietti
CREDITS: SOCIETA' SAN PAOLO Via A.Severo, 58 - ROMA (RM) & PERIODICI SAN PAOLO SRL Via Giotto, 36 MILANO & CISF Via Giotto, 36 MILANO & EDIZIONI SAN PAOLO SRL,  Piazza Soncino, 5 CINISELLO BALSAMO (MI) -- ITALY